Estado del bosque seco tropical e importancia relativa de su flora leñosa, islas de la vieja Providencia y Santa Catalina, Colombia, Caribe suroccidental (Registro nro. 16276)
[ vista simple ]
| 000 -CABECERA | |
|---|---|
| Campo de control | 006070000a22001450004500 |
| 090 ## - CLASIFICACIÓN LOCAL | |
| Colección | As |
| Consecutivo | Seriadas |
| 041 0# - IDIOMA | |
| Código de idioma para texto/pista de sonido o título separado | |
| 100 1# - ASIENTO PRINCIPAL--NOMBRE PERSONAL | |
| Nombre personal | Ruiz Linares, Jorge |
| 245 10 - MENCION DE TITULO | |
| Título | Estado del bosque seco tropical e importancia relativa de su flora leñosa, islas de la vieja Providencia y Santa Catalina, Colombia, Caribe suroccidental |
| 650 14 - ASIENTO SECUNDARIO DE MATERIA - TERMINO TEMATICO | |
| Término temático o nombre geográfico como elemento de entrada | Bosque seco tropical |
| 651 #4 - ASIENTO SECUNDARIO DE MATERIA - NOMBRE GEOGRAFICO | |
| -- | Colombia |
| -- | Región Caribe |
| 700 1# - ASIENTO SECUNDARIO - NOMBRE PERSONAL | |
| Nombre personal | Fandiño Orozco, Maria Claudia |
| 773 1# - Item fuente: | |
| Título | Revista de la Academia Colombiana de Ciencias Exactas, Físicas y Naturales |
| Descripción física | 126 |
| Paginas del Articulo | 5-15 |
| Lugar, editorial y fecha de publicación | 2009 |
| Información sobre la relación | 33 |
| 942 ## - ELEMENTOS ADICIONALES (KOHA) | |
| Tipo de ítem | Artículo |
No hay ítems disponibles.